Ces marques entrées dans le langage commun... - Statistiques

Statistiques générales
  • Ce quiz a été pris 302 fois
  • Le résultat moyen est 28 sur 85
Statistiques - réponses
Indices Marque % Correct
Stylo à bille Bic
81%
Ruban adhésif Scotch
79%
Essuie-tout Sopalin
77%
Mouchoir en papier Kleenex
74%
Boîte alimentaire en plastique hermétique Tupperware
73%
Chariot de supermarché Caddie
72%
Dictionnaire Larousse
72%
Bateau à pédales Pédalo
72%
Jeu de construction Lego
70%
Pâte à tartiner Nutella
70%
Pense-bâte autocollant Post it
66%
Escalier mécanique Escalator
64%
Couches jetables Pampers
63%
Bain à remous Jacuzzi
62%
Coupe-vent imperméable K-Way
60%
Pastis Ricard
60%
Fenêtre de toit Vélux
60%
Nettoyeur haute pression Karcher
59%
Ordinateur personnel PC
54%
Scooter Vespa
54%
Poupée mannequin Barbie
52%
Réfrigérateur Frigidaire
52%
Avion bombardier d'eau Canadair
51%
Disque volant Frisbee
51%
Tampon périodique Tampax
51%
Baladeur Walkman
46%
Bâtonnet ouaté Coton-tige
44%
Véhicule tout-terrain militaire Jeep
44%
Sauce piquante à base de piment Tabasco
43%
Pommade grasse lubrifiante Vaseline
43%
Pistolet à impulsion électrique Taser
42%
Matériels culinaire à fond anti-adhésif Tefal
41%
Motomarine Jet ski
40%
Glace sur bâtonnet Esquimau
39%
Appareil photo à développement rapide intégré à l'appareil Polaroïd
39%
Ballon dirigeable Zeppelin
39%
Avertisseur sonore Klaxon
38%
Etendoir pliant Tancarville
37%
Récipient isotherme Thermos
37%
Pâte de guimauve Chamallow
35%
Amidon de maïs Maïzena
35%
Bouchons d'oreille Boules Quiès
34%
Fermeture à glissière Fermeture Eclair
34%
Couteau pliable Opinel
34%
Canot pneumatique à moteur Zodiac
33%
Automate de photographie Photomaton
31%
Solution antiseptique rouge Mercurochrome
28%
Eponge Spontex
28%
Briquet tempête à essence Zippo
27%
Cacao en poudre Banania
26%
Poudre de café lyophilisé Nescafé
24%
Enregisteur de parole Dictaphone
23%
Annuaire Bottin
22%
Autocuiseur Cocotte-minute
18%
Cyclomoteur Mobylette
18%
Blouson en cuir pour motard Perfecto
18%
Chariot élévateur Fenwick
15%
Poudre anticalcaire Calgon
13%
Cuir synthétique Skaï
12%
Prothèse auditive Sonotone
11%
Ethylotest Alcootest
10%
Verre alimentaire recuit Pyrex
9%
Restaurant sur autoroute Restoroute
9%
Autorail Micheline
8%
Sanitaires de rue Sanisette
8%
Colle cyanoacrylate Superglue
8%
Construction modulaire Algeco
7%
Sous-nappe Bulgomme
7%
Aubette Abribus
6%
Bande autoadhésive Velcro
6%
Cisaille d'imprimerie Massicot
5%
Edulcorant Sucrette
5%
Feuille d'aluminium Albal
4%
Antivol à clé de véhicule Neiman
4%
Chaussures de randonnée Pataugas
4%
Portier électronique Interphone
3%
Atomiseur Brumisateur
2%
Film protecteur transparent Cellofrais
2%
Stratifié Formica
2%
Peinture Ripolin
2%
Carte téléphonique prépayée Télécarte
2%
Planche à voile Windsurf
2%
Conteneur pour liquide Cubitainer
1%
Panneau de fibres de bois agglomérées Isorel
1%
Teinture pour cheveux Regé color
1%
Aucun quiz correspondant
Distribution des résultats
% des personnes avec chaque résultat
Percentile par nombre de réponses
Votre historique - résultats
Vous n’avez pas pris ce quiz